Catálogo
 En Linea

Romances del destino. / (Registro nro. 4899)

Detalles MARC
000 -CABECERA
campo de control de longitud fija 00526cam a22001571 4500
001 - NÚMERO DE CONTROL
campo de control 000005096
005 - FECHA Y HORA DE LA ÚLTIMA TRANSACCIÓN
campo de control 20200929151558.0
008 - DATOS DE LONGITUD FIJA--INFORMACIÓN GENERAL
campo de control de longitud fija 740405s1955 xx 000 0 spa
040 ## - FUENTE DE LA CATALOGACIÓN
Centro catalogador/agencia de origen DO-SdBNP
Lengua de catalogación spa
Centro/agencia transcriptor BNPHU
100 1# - ENTRADA PRINCIPAL--NOMBRE DE PERSONA
Nombre de persona Ibarbourou, Juana de,
Fechas asociadas al nombre 1895?-1979.
9 (RLIN) 14624
245 10 - MENCIÓN DE TÍTULO
Título Romances del destino. /
Mención de responsabilidad, etc. Ilus. de Carlos Lara.
260 ## - PUBLICACIÓN, DISTRIBUCIÓN, ETC.
Lugar de publicación, distribución, etc. Madrid, :
Nombre del editor, distribuidor, etc. Ediciones Cultura Hispanica,
Fecha de publicación, distribución, etc. 1955.
300 ## - DESCRIPCIÓN FÍSICA
Extensión 148 p. :
Otras características físicas illus. ;
Dimensiones 21 cm.
490 0# - MENCIÓN DE SERIE
Mención de serie Coleccion La Encina y el mar, poesia de Espana y America,
Designación de volumen o secuencia 21
910 ## - DATOS DE OPCIÓN DEL USUARIO (OCLC)
Datos de opción del usuario En proceso
Existencias
Estado de retiro Estado de pérdida Restricciones de uso No para préstamo Código de colección Localización permanente Ubicación/localización actual Ubicación en estantería Fecha de adquisición Número de inventario Total de préstamos Signatura topográfica completa Código de barras Fecha visto por última vez Precio válido a partir de Tipo de ítem Koha
    Préstamo interno   Monografías: Libros y Folletos General General En catalogación 29.07.2009 LF1   5096-10 25.06.2020 25.06.2020 Préstamo interno

Con tecnología Koha